| 000 | 00525nam a22001577a 4500 | ||
|---|---|---|---|
| 999 |
_c18463 _d18463 |
||
| 008 | 200811b xxu||||| |||| 00| 0 eng d | ||
| 020 | _a466580589 | ||
| 050 |
_aQA _b.W55 2013 c.1 |
||
| 100 | _aWilliams, Barry L. | ||
| 245 |
_aInformation security policy development for compliance _bISO/IEC 27001, NIST SP 800-53, HIPAA standard, PCI DSS V2.0, and V5.0 _cBarry L. Williams |
||
| 260 |
_aLondon _bCRC Press _c2013 |
||
| 300 | _ax, 142p. | ||
| 650 | _acomputer security | ||
| 650 | _acomputer networks | ||
| 942 |
_2lcc _cBK |
||